Historia del sistema argentino de patentes de invención (1580 - 1863) : propiedad intelectual en la Constitución Nacional - antecedentes, fuentes e interpretación /
Guardado en:
| Autor Principal: | |
|---|---|
| Formato: | Libro |
| Idioma: | Spanish |
| Publicado: |
Buenos Aires :
La Ley; Departamento de publicaciones UBA,
2007.
|
| Edición: | 1a. ed. |
| Series: | Colección CEIDIE - Centro de Estudios Interdisciplinarios de Derecho Industrial y Económico
|
| Materias: | |
| Etiquetas: |
Agregar Etiqueta
Sin Etiquetas, Sea el primero en etiquetar este registro!
|
| LEADER | 00833nam a22001935a 4500 | ||
|---|---|---|---|
| 001 | DER.der004119 | ||
| 008 | 180615s2007####ag#||||||||||||||#||spa|| | ||
| 005 | 20231228132512.0 | ||
| 245 | 1 | 0 | |a Historia del sistema argentino de patentes de invención (1580 - 1863) : |b propiedad intelectual en la Constitución Nacional - antecedentes, fuentes e interpretación / |c Guillermo E. Vidaurreta. |
| 250 | |a 1a. ed. | ||
| 260 | |a Buenos Aires : |b La Ley; Departamento de publicaciones UBA, |c 2007. | ||
| 300 | |a 304 p. | ||
| 020 | |a 9789870309789 | ||
| 100 | 1 | |a Vidaurreta, Guillermo E. | |
| 830 | 0 | |a Colección CEIDIE - Centro de Estudios Interdisciplinarios de Derecho Industrial y Económico | |
| 650 | 7 | |a DERECHO INDIANO | |
| 650 | 7 | |a PROTECCION DE LAS INVENCIONES | |
| 650 | 7 | |a PATENTES DE PRIVILEGIOS | |
| 859 | |a DERECHO |b BIB. DERECHO |h 346.048 |i VID |p 005424 | ||
